| 000 | 00415 a2200157 4500 | ||
|---|---|---|---|
| 003 | Nust | ||
| 005 | 20170207171639.0 | ||
| 040 | _cNust | ||
| 082 | _a621.3192 | ||
| 100 | _aAlexander,K Charles | ||
| 245 |
_aFundamentals of Electric Circuits Solutions Manual (E-BOOK) _cCharles K. Alexander & Matthew N. O. Sadiku |
||
| 250 | _a3rd Edition | ||
| 260 |
_aNew York _bMc Graw Hill |
||
| 300 | _a1971 p | ||
| 650 | _aE-BOOK | ||
| 942 |
_2ddc _cBK |
||
| 999 |
_c218051 _d218051 |
||